Gerald D. Schmidt & Larry S. Roberts' foundations of parasitology (Record no. 1261)

MARC details
000 -LEADER
fixed length control field 00602nam a22002177a 4500
003 - CONTROL NUMBER IDENTIFIER
control field OSt
005 - DATE AND TIME OF LATEST TRANSACTION
control field 20150326151739.0
008 - FIXED-LENGTH DATA ELEMENTS--GENERAL INFORMATION
fixed length control field 150326b xxu||||| |||| 00| 0 eng d
020 ## - INTERNATIONAL STANDARD BOOK NUMBER
International Standard Book Number 9780071326414
040 ## - CATALOGING SOURCE
Transcribing agency DNLM
082 ## - DEWEY DECIMAL CLASSIFICATION NUMBER
Classification number QX4 R541g 2013
Item number P
100 ## - MAIN ENTRY--PERSONAL NAME
Personal name Roberts Larry O.
9 (RLIN) 3374
245 ## - TITLE STATEMENT
Title Gerald D. Schmidt & Larry S. Roberts' foundations of parasitology
250 ## - EDITION STATEMENT
Edition statement 9th ed.
260 ## - PUBLICATION, DISTRIBUTION, ETC. (IMPRINT)
Place of publication, distribution, etc. New York;
Name of publisher, distributor, etc. Mcgraw-hill,
Date of publication, distribution, etc. 2013
300 ## - PHYSICAL DESCRIPTION
Extent xvii,670p;
Other physical details ill
Dimensions 28cm
504 ## - BIBLIOGRAPHY, ETC. NOTE
Bibliography, etc Glossary & index included
650 ## - SUBJECT ADDED ENTRY--TOPICAL TERM
Topical term or geographic name as entry element Pasitology
9 (RLIN) 3375
700 ## - ADDED ENTRY--PERSONAL NAME
Personal name Janovy John
9 (RLIN) 3376
942 ## - ADDED ENTRY ELEMENTS (KOHA)
Source of classification or shelving scheme Other/Generic Classification Scheme
Koha item type Open Shelf
Holdings
Withdrawn status Lost status Source of classification or shelving scheme Damaged status Not for loan Home library Current library Date acquired Source of acquisition Inventory number Total Checkouts Full call number Barcode Date last seen Koha item type
    Other/Generic Classification Scheme     MUST Main Library MUST Main Library 26/03/2015   15/38872   QX4 R541g 2013 P 2015-0655 26/03/2015 Open Shelf
    Other/Generic Classification Scheme     MUST Main Library MUST Main Library 26/03/2015   15/38873   QX4 R541g 2013 P 2015-0656 26/03/2015 Open Shelf
    Other/Generic Classification Scheme     MUST Main Library MUST Main Library 19/06/2015   13/37317   QX4 R541g 2013 P 2015-1985 19/06/2015 Open Shelf
    Other/Generic Classification Scheme     MUST Main Library MUST Main Library 26/08/2015   15/39271   QX4 R541g 2013 P 2015-2139 26/08/2015 Open Shelf